КОМПЛЕКСНЫЙ анализ, дифференциальные уравнения, численные методы и приложения. 6: Применения численных методов (Запись № 6453708)

Подробности
000 -МАРКЕР
контрольное поле 01467nam2a22002531 4500
001 - ИДЕНТИФИКАТОР ЗАПИСИ
контрольное поле rc\162743
005 - ИДЕНТИФИКАТОР ВЕРСИИ
контрольное поле 20250621061440.0
035 ## - ДРУГИЕ СИСТЕМНЫЕ НОМЕРА
Идентификатор записи (NLR Aleph) 005615802
100 ## - ДАННЫЕ ОБЩЕЙ ОБРАБОТКИ
Данные общей обработки 20030307d1996 |||y0rusy50 ca
101 0# - ЯЗЫК РЕСУРСА
Язык текста, звукозаписи и т.д. русский
102 ## - СТРАНА ПУБЛИКАЦИИ ИЛИ ПРОИЗВОДСТВА
Страна публикации Российская Федерация
105 ## - ПОЛЕ КОДИРОВАННЫХ ДАННЫХ: ТЕКСТОВЫЕ МАТЕРИАЛЫ, МОНОГРАФИЧЕСКИЕ
Кодированные данные о монографическом текстовом документе a |||||||||
200 1# - ЗАГЛАВИЕ И СВЕДЕНИЯ ОБ ОТВЕТСТВЕННОСТИ
Основное заглавие Применения численных методов
210 ## - ПУБЛИКАЦИЯ, РАСПРОСТРАНЕНИЕ И ДР.
Дата издания, распространения и т.д. 1996
Место издания, распространения и т.д. Б. м.
215 ## - ФИЗИЧЕСКАЯ ХАРАКТЕРИСТИКА
Специфическое обозначение материала и объем 174 с.
Другие сведения о физической характеристике граф.
320 ## - ПРИМЕЧАНИЯ О НАЛИЧИИ В ДОКУМЕНТЕ БИБЛИОГРАФИИ / УКАЗАТЕЛЯ
Текст примечания Библиогр. в конце ст.
423 #0 - ИЗДАЕТСЯ В ОДНОЙ ОБЛОЖКЕ ВМЕСТЕ С ...
Встроенное поле 2001#$aГеометрические задачи$f[Ред. М.Д. Рамазанов]
Заглавие Геометрические задачи
461 #0 - УРОВЕНЬ НАБОРА
Встроенное поле 001rc\162742
-- 2001#$aКОМПЛЕКСНЫЙ анализ, дифференциальные уравнения, численные методы и приложения$e[Сб. науч. ст.]$fРос. акад. наук. Уфим. науч. центр, Ин-т математики с ВЦ$g[Редкол.: д. ф.-м. н. И.Ф. Красичков-Терновский (отв. ред.) и др.]$v6
Системный номер (АБИС) связанной записи 6453701
Место публикации Уфа
Дата публикации 1996
Первые сведения об ответственности Рос. акад. наук. Уфим. науч. центр, Ин-т математики с ВЦ
Имя издателя, распространителя и т.д. ИМВЦ
Сведения, относящиеся к заглавию [Сб. науч. ст.]
Заглавие КОМПЛЕКСНЫЙ анализ, дифференциальные уравнения, численные методы и приложения
Номер тома 6
801 #0 - ИСТОЧНИК ЗАПИСИ
Страна Российская Федерация
Организация NLR
Правила каталогизации psbo
801 #1 - ИСТОЧНИК ЗАПИСИ
Страна Российская Федерация
Организация ELAR
Источник данных rusmarc
852 ## - МЕСТОНАХОЖДЕНИЕ И ШИФР ХРАНЕНИЯ
Идентификатор организации NLR
Шифр хранения (Call Number) 97-3/11875
942 ## - ДОПОЛНИТЕЛЬНЫЕ ЭЛЕМЕНТЫ ЗАПИСИ (АБИС)
Тип экземпляра АБИС Книга
980 ## - КОЛЛЕКЦИЯ
Название коллекции Национальная библиография
Экземпляры
Тип экземпляра Дата поступления Библиотека постоянного хранения Библиотека текущего хранения Место хранения Шифр хранения Штрих-код Статус экземпляра
Книга 26.10.2013 РНБ (Московский) РНБ (Московский) Русский книжный фонд: издания с 1957 года 97-3/11875 5615802-10